| 000 | 00438nam a22001217a 4500 | ||
|---|---|---|---|
| 008 | 230510b |||||||| |||| 00| 0 eng d | ||
| 040 |
_aNational Science Library _cNational Science Library |
||
| 080 |
_aR 061.6:5/6 _b[J9];1 |
||
| 245 | _aStatues of the international council of scientific unions and of the unions federated in the council | ||
| 260 |
_aLondon: _bThe Secretary General of ICSU, |
||
| 300 | _aiii, 124p. | ||
| 942 |
_2udc _cREF |
||
| 999 |
_c28131 _d28131 |
||